书目信息 |
| 题名: |
西域文史
|
|
| 作者: | 朱玉麒 主编 | |
| 分册: | 第十辑 | |
| 出版信息: | 北京 科学出版社 2015 |
|
| 页数: | 356页,4页图版 | |
| 开本: | 26cm | |
| 丛书名: | ||
| 单 册: | ||
| 中图分类: | K294.5 | |
| 科图分类: | ||
| 主题词: | 文史资料--wen shi zi liao--西域 | |
| 电子资源: | ||
| ISBN: | 978-7-03-048069-9 | |
| 000 | 00937nam0 22002411 450 | |
| 001 | 1730349850 | |
| 005 | 20170525101551.0 | |
| 010 | @a978-7-03-048069-9@dCNY138.00 | |
| 100 | @a20160706d2015 em y0chiy50 ea | |
| 101 | 0 | @achi@deng@eeng |
| 102 | @aCN@b110000 | |
| 105 | @aaf z 001yy | |
| 106 | @ar | |
| 200 | 1 | @a西域文史@Axi yu wen shi@h第十辑@dLiterature & history of the western regions@hVol.X@f朱玉麒主编@zeng |
| 210 | @a北京@c科学出版社@d2015 | |
| 215 | @a356页,4页图版@c图@d26cm | |
| 330 | @a本书是由北京大学中国古代史研究中心与新疆师范大学西域文史研究中心合出的学术论集,发表与西域相关的学术论文19篇,内容涉及考古、语言、历史、文学、民族、学术史等方面。 | |
| 510 | 1 | @aLiterature & history of the western regions@hVol.X@zeng |
| 606 | 0 | @a文史资料@Awen shi zi liao@y西域 |
| 690 | @aK294.5@v5 | |
| 701 | 0 | @a朱玉麒@Azhu yu qi@f(1965.4~)@4主编 |
| 801 | 0 | @aCN@bTANG WEI@c20170524 |
| 905 | @b0969942-4@dK294.5@e321@f3 | |
| 西域文史.第十辑=Literature & history of the western regions.Vol.X/朱玉麒主编.-北京:科学出版社,2015 |
| 356页,4页图版:图;26cm |
| ISBN 978-7-03-048069-9:CNY138.00 |
| 本书是由北京大学中国古代史研究中心与新疆师范大学西域文史研究中心合出的学术论集,发表与西域相关的学术论文19篇,内容涉及考古、语言、历史、文学、民族、学术史等方面。 |
| ● |
| 相关链接 |
|
|
|
|
正题名:西域文史
索取号:K294.5/321
 
预约/预借
| 序号 | 登录号 | 条形码 | 馆藏地/架位号 | 状态 | 备注 |
| 1 | 0969942 | 209699423 | 第二样本阅览室/ [索取号:K294.5/321] | 在馆 | |
| 2 | 0969943 | 209699432 | 第二借阅区/ [索取号:K294.5/321] | 在馆 | |
| 3 | 0969944 | 209699441 | 第二借阅区/ [索取号:K294.5/321] | 在馆 |